<?xml version='1.0' encoding='UTF-8'?>
  <record xmlns="http://www.loc.gov/MARC21/slim">
    <leader>00000cam a22000007i 4500</leader>
    <controlfield tag="001">ocm65529869</controlfield>
    <controlfield tag="003">OCoLC</controlfield>
    <controlfield tag="005">20241219155509.9</controlfield>
    <controlfield tag="008">900412s1645    ne            000 0 dut d</controlfield>
    <datafield tag="040" ind1=" " ind2=" ">
      <subfield code="a">NLGGC</subfield>
      <subfield code="b">dut</subfield>
      <subfield code="e">fobidrtb</subfield>
      <subfield code="c">NLGGC</subfield>
      <subfield code="d">OCLCL</subfield>
      <subfield code="d">OCLCQ</subfield>
    </datafield>
    <datafield tag="029" ind1="0" ind2=" ">
      <subfield code="a">NLGGC</subfield>
      <subfield code="b">082738874</subfield>
    </datafield>
    <datafield tag="035" ind1=" " ind2=" ">
      <subfield code="a">(OCoLC)65529869</subfield>
    </datafield>
    <datafield tag="041" ind1="1" ind2=" ">
      <subfield code="a">dut</subfield>
      <subfield code="h">lat</subfield>
    </datafield>
    <datafield tag="100" ind1="1" ind2=" ">
      <subfield code="a">Hugo, Herman,</subfield>
      <subfield code="d">1588-1629.</subfield>
      <subfield code="0">(NL-LeOCL)068404425</subfield>
    </datafield>
    <datafield tag="245" ind1="1" ind2="0">
      <subfield code="a">Goddelycke wenschen verlicht met sinnebeelden en vierige uytspraken der out-vaders, /</subfield>
      <subfield code="c">na-gevolgt de Latynsche van den eerw. P. H. Hvgo ... door Iustus de Hardvyn P.</subfield>
    </datafield>
    <datafield tag="246" ind1="3" ind2=" ">
      <subfield code="a">Goddelycke wenschen</subfield>
    </datafield>
    <datafield tag="250" ind1=" " ind2=" ">
      <subfield code="a">Eerst t'Hantwerpen, by Hendick Aertsen met privilegie, ende nu herdruct.</subfield>
    </datafield>
    <datafield tag="260" ind1=" " ind2=" ">
      <subfield code="a">[S.l.] :</subfield>
      <subfield code="b">by P.I. Paets,</subfield>
      <subfield code="c">1645.</subfield>
    </datafield>
    <datafield tag="300" ind1=" " ind2=" ">
      <subfield code="a">[20], 434, [3] p. :</subfield>
      <subfield code="b">ill. ;</subfield>
      <subfield code="c">in-18.</subfield>
    </datafield>
    <datafield tag="336" ind1=" " ind2=" ">
      <subfield code="a">tekst</subfield>
      <subfield code="b">txt</subfield>
      <subfield code="2">rdacontent/dut</subfield>
    </datafield>
    <datafield tag="337" ind1=" " ind2=" ">
      <subfield code="a">zonder medium</subfield>
      <subfield code="b">n</subfield>
      <subfield code="2">rdamedia/dut</subfield>
    </datafield>
    <datafield tag="338" ind1=" " ind2=" ">
      <subfield code="a">band</subfield>
      <subfield code="b">nc</subfield>
      <subfield code="2">rdacarrier/dut</subfield>
    </datafield>
    <datafield tag="500" ind1=" " ind2=" ">
      <subfield code="a">Collatieformule: A-2P 6 2Q 2.</subfield>
    </datafield>
    <datafield tag="500" ind1=" " ind2=" ">
      <subfield code="a">Met typografische titel in houtsnede-omlijsting en houtsneden van Christ. van Sichem binnen de collatie.</subfield>
    </datafield>
    <datafield tag="500" ind1=" " ind2=" ">
      <subfield code="a">Plaats van uitgave is: Amsterdam.</subfield>
    </datafield>
    <datafield tag="510" ind1="4" ind2=" ">
      <subfield code="a">Funck (Livre belge à gravures),</subfield>
      <subfield code="c">p. 338</subfield>
    </datafield>
    <datafield tag="510" ind1="0" ind2=" ">
      <subfield code="a">De Vries (Emblemata) 130</subfield>
    </datafield>
    <datafield tag="510" ind1="0" ind2=" ">
      <subfield code="a">Landwehr (Emblem &amp; fable books) 358</subfield>
    </datafield>
    <datafield tag="530" ind1=" " ind2=" ">
      <subfield code="a">Titel is gedigitaliseerd voor de Universiteit van Amsterdam in het kader van het Google Books-project.</subfield>
    </datafield>
    <datafield tag="655" ind1=" " ind2="7">
      <subfield code="a">Emblemata (teksten)</subfield>
      <subfield code="2">gtt</subfield>
      <subfield code="0">(NL-LeOCL)112192130</subfield>
    </datafield>
    <datafield tag="700" ind1="1" ind2=" ">
      <subfield code="a">Harduyn, Justus de,</subfield>
      <subfield code="d">1582-1636.</subfield>
      <subfield code="0">(NL-LeOCL)069910146</subfield>
    </datafield>
    <datafield tag="700" ind1="1" ind2=" ">
      <subfield code="a">Paets, Pieter Jacobsz.</subfield>
      <subfield code="c">Amsterdam.</subfield>
      <subfield code="4">prt</subfield>
      <subfield code="0">(NL-LeOCL)07713429X</subfield>
    </datafield>
    <datafield tag="758" ind1=" " ind2=" ">
      <subfield code="a">Goddelycke Wenschen Verlicht met sinnebeelden en vierige uytspraken der Out-vaders (Text)</subfield>
      <subfield code="1">https://id.oclc.org/worldcat/entity/E39PCFy4M33XdBBP3MWFjKKHfm</subfield>
      <subfield code="4">https://id.oclc.org/worldcat/ontology/hasWork</subfield>
    </datafield>
    <datafield tag="765" ind1="0" ind2="8">
      <subfield code="i">Vert. van:</subfield>
      <subfield code="t">Pia desideria</subfield>
    </datafield>
    <datafield tag="776" ind1="0" ind2=" ">
      <subfield code="t">Goddelycke wenschen verlicht met sinnebeelden en vierige uytspraken der out-vaders,</subfield>
      <subfield code="w">(NL-LeOCL)396716725</subfield>
    </datafield>
    <datafield tag="776" ind1="0" ind2=" ">
      <subfield code="t">Goddelycke wenschen verlicht met sinnebeelden en vierige uytspraken der out-vaders,</subfield>
      <subfield code="w">(NL-LeOCL)408366494</subfield>
    </datafield>
    <datafield tag="776" ind1="0" ind2=" ">
      <subfield code="t">Goddelycke wenschen verlicht met sinnebeelden en vierige uytspraken der out-vaders,</subfield>
      <subfield code="w">(NL-LeOCL)426034945</subfield>
    </datafield>
    <datafield tag="776" ind1="0" ind2=" ">
      <subfield code="t">Goddelycke wenschen verlicht met sinnebeelden en vierige uytspraken der out-vaders,</subfield>
      <subfield code="w">(NL-LeOCL)431513937</subfield>
    </datafield>
    <datafield tag="856" ind1="4" ind2="2">
      <subfield code="y">Short Title Catalogue, Netherlands</subfield>
      <subfield code="u">http://resolver.kb.nl/resolve?urn=STCN:842875697:record</subfield>
      <subfield code="z">zie de oorspronkelijke beschrijving bij de STCN voor mogelijk overige vindplaatsen</subfield>
      <subfield code="7">0</subfield>
    </datafield>
    <datafield tag="936" ind1=" " ind2=" ">
      <subfield code="a">BATCHLOAD</subfield>
    </datafield>
  </record>